[Event "B.H Wood memorial tournament "]
[Site "SchemingMind.com"]
[Date "2016.11.05"]
[Round "-"]
[White "Scooter"]
[Black "John Hamer"]
[Result "0-1"]
[WhiteCountry "USA"]
[BlackCountry "ENG"]
[WhiteElo "1693"]
[WhiteRD "56"]
[BlackElo "1963"]
[BlackRD "71"]
[GameID "406028"]

1. d4 Nf6 2. Nf3 d5 3. Bf4 e6 4. e3 c5 5. Bb5+ Bd7 6. Bxd7+ Nbxd7 7. c3 Rc8 8. O-O Be7 9. h3 O-O 10. Nbd2 Re8
11. Re1 Qa5 12. Nb3 Qa6 13. dxc5 Nxc5 14. Nxc5 Bxc5 15. Nd4 e5
0-1

[Event "B.H Wood memorial tournament "]
[Site "SchemingMind.com"]
[Date "2016.11.05"]
[Round "-"]
[White "John Hamer"]
[Black "Scooter"]
[Result "1-0"]
[WhiteCountry "ENG"]
[BlackCountry "USA"]
[WhiteElo "1963"]
[WhiteRD "71"]
[BlackElo "1693"]
[BlackRD "56"]
[GameID "406029"]

1. d4 d5 2. Nf3 Nf6 3. c4 e6 4. Bf4 Bd6 5. Bxd6 Qxd6 6. e3 c5 7. cxd5 Nxd5 8. e4 Nb6 9. e5 Qc7 10. Nc3 cxd4
11. Nb5 Qe7 12. Nd6+ Kf8 13. Qxd4 Nc6 14. Qd2 Nd7 15. Rc1 Ndxe5 16. Nxe5 Nxe5 17. Nxc8
1-0

[Event "B.H Wood memorial tournament "]
[Site "SchemingMind.com"]
[Date "2016.11.05"]
[Round "-"]
[White "Scooter"]
[Black "Stephen Woodhouse"]
[Result "0-1"]
[WhiteCountry "USA"]
[BlackCountry "ENG"]
[WhiteElo "1693"]
[WhiteRD "56"]
[BlackElo "1883"]
[BlackRD "55"]
[GameID "406036"]

1. d4 e6 2. Nf3 f5 3. Bg5 Nf6 4. e3 Be7 5. Be2 O-O 6. O-O b6 7. c4 Bb7 8. Nbd2 d6 9. a3 Ne4 10. Bxe7 Qxe7
11. Nxe4 Bxe4 12. Bd3 Bxd3 13. Qxd3 Nd7 14. b4 e5 15. dxe5 Nxe5 16. Nxe5 Qxe5 17. Qd5+ Qxd5 18. cxd5 Rfe8 19. Rfc1 Rac8 20. Rc6 Re5
21. Rd1 Kf7 22. Rd3 Ke7 23. f3 Kd7 24. Rc4 c6 25. dxc6+ Rxc6 26. Rxc6 Kxc6 27. a4 Rd5 28. Rc3+ Kd7 29. b5 Rc5 30. Rd3 Rc4
31. Rd4 Rxd4 32. exd4 Ke6 33. Kf2 Kd5 34. Ke3 Kc4 35. Kf4 Kxd4 36. Kxf5 Kc4 37. g4 d5 38. Ke5 d4
0-1

[Event "B.H Wood memorial tournament "]
[Site "SchemingMind.com"]
[Date "2016.11.05"]
[Round "-"]
[White "Stephen Woodhouse"]
[Black "Scooter"]
[Result "1-0"]
[WhiteCountry "ENG"]
[BlackCountry "USA"]
[WhiteElo "1883"]
[WhiteRD "55"]
[BlackElo "1693"]
[BlackRD "56"]
[GameID "406037"]

1. e4 c6 2. d4 d5 3. e5 Bf5 4. Nc3 e6 5. g4 Bg6 6. Nge2 Bb4 7. h4 h6 8. Nf4 Bh7 9. Bd3 Bxd3 10. Qxd3 Nd7
11. Bd2 Qc7 12. O-O-O Ne7 13. Kb1 O-O-O 14. Ncxd5 Nxd5 15. Nxd5 exd5 16. Bxb4 Nb6 17. Qf5+ Qd7 18. Qxd7+ Nxd7 19. f4 Rde8 20. Kc1 f6
21. Rde1 fxe5 22. fxe5 Nf8 23. Rhf1 Ne6 24. c3 b6 25. Rf7 a5 26. Bd6 g5 27. h5 Nf4 28. Rf1 Ne6 29. Ra7 Nc7 30. Rxc7+
1-0

[Event "B.H Wood memorial tournament "]
[Site "SchemingMind.com"]
[Date "2016.11.05"]
[Round "-"]
[White "John Hamer"]
[Black "Stephen Woodhouse"]
[Result "1-0"]
[WhiteCountry "ENG"]
[BlackCountry "ENG"]
[WhiteElo "1963"]
[WhiteRD "71"]
[BlackElo "1883"]
[BlackRD "55"]
[GameID "406038"]

1. d4 e6 2. Nf3 f5 3. c4 Nf6 4. Nc3 Be7 5. Bf4 O-O 6. e3 d6 7. h3 Qe8 8. Bd3 h6 9. O-O Nbd7 10. Rc1 Qh5
11. c5 g5 12. Bg3 g4 13. hxg4 Nxg4 14. Nb5 dxc5 15. Nxc7 cxd4 16. Nxd4 Ndf6 17. Nxa8 Nd5 18. Nf3 f4 19. exf4 Nxf4 20. Bxf4 Rxf4
21. Rxc8+ Kg7 22. Nc7 Rxf3 23. Nxe6+ Kf7 24. Qxf3+
1-0

[Event "B.H Wood memorial tournament "]
[Site "SchemingMind.com"]
[Date "2016.11.05"]
[Round "-"]
[White "Stephen Woodhouse"]
[Black "John Hamer"]
[Result "1-0"]
[WhiteCountry "ENG"]
[BlackCountry "ENG"]
[WhiteElo "1883"]
[WhiteRD "55"]
[BlackElo "1963"]
[BlackRD "71"]
[GameID "406039"]

1. e4 e5 2. Nf3 Nf6 3. d4 Nxe4 4. Bd3 d5 5. Nxe5 Bd6 6. O-O O-O 7. c4 c6 8. Nc3 Nxc3 9. bxc3 Nd7 10. Qh5 g6
11. Qh6 Qa5 12. Bg5 Nxe5 13. Bf6
1-0

[Event "B.H Wood memorial tournament "]
[Site "SchemingMind.com"]
[Date "2016.11.09"]
[Round "-"]
[White "Scooter"]
[Black "Johnny Owens"]
[Result "1-0"]
[WhiteCountry "USA"]
[BlackCountry "USA"]
[WhiteElo "1738"]
[WhiteRD "54"]
[BlackElo "1596"]
[BlackRD "206"]
[GameID "406196"]

1. d4 e6 2. Nf3 Nf6 3. Bg5 c5 4. e3 h6 5. Bxf6 Qxf6 6. c3 Nc6 7. Be2 d5 8. O-O Be7 9. Nbd2 O-O 10. e4 cxd4
11. cxd4 Nxd4 12. e5 Qf4 13. g3
1-0

[Event "B.H Wood memorial tournament "]
[Site "SchemingMind.com"]
[Date "2016.11.08"]
[Round "-"]
[White "Johnny Owens"]
[Black "Scooter"]
[Result "0-1"]
[WhiteCountry "USA"]
[BlackCountry "USA"]
[WhiteElo "1630"]
[WhiteRD "163"]
[BlackElo "1717"]
[BlackRD "54"]
[GameID "406197"]

1. Nf3 Nf6 2. b3 g6 3. Bb2 Bg7 4. g3 O-O 5. Bg2 d5 6. c4 c6 7. O-O Bg4 8. d3 Nbd7 9. Nbd2 Re8 10. h3 Bxf3
11. Nxf3 e5 12. cxd5 cxd5 13. Rc1 Rc8 14. Rxc8 Qxc8 15. Qa1 d4 16. Rc1 Qb8 17. a3 Rc8 18. Rxc8+ Qxc8 19. Nd2 b5
0-1

[Event "B.H Wood memorial tournament "]
[Site "SchemingMind.com"]
[Date "2016.11.09"]
[Round "-"]
[White "Stephen Woodhouse"]
[Black "Johnny Owens"]
[Result "0-1"]
[WhiteCountry "ENG"]
[BlackCountry "USA"]
[WhiteElo "1890"]
[WhiteRD "50"]
[BlackElo "1596"]
[BlackRD "206"]
[GameID "406200"]

1. e4 e6 2. d4 d5 3. Nd2 dxe4 4. Nxe4 Nd7 5. Bd3 Ngf6 6. Qe2 Nxe4 7. Bxe4 c5 8. Nf3 cxd4 9. Nxd4 Nc5 10. O-O Qxd4
0-1

[Event "B.H Wood memorial tournament "]
[Site "SchemingMind.com"]
[Date "2016.11.09"]
[Round "-"]
[White "Johnny Owens"]
[Black "Stephen Woodhouse"]
[Result "0-1"]
[WhiteCountry "USA"]
[BlackCountry "ENG"]
[WhiteElo "1596"]
[WhiteRD "206"]
[BlackElo "1890"]
[BlackRD "50"]
[GameID "406201"]

1. Nf3 e6 2. b3 f5 3. Bb2 Nf6 4. g3 Be7 5. Bg2 O-O 6. O-O Ne4 7. d3 Bf6 8. c3 Ng5 9. Nxg5 Bxg5 10. f4 Bf6
11. Nd2 d5 12. e4 fxe4 13. dxe4 c6
0-1

[Event "B.H Wood memorial tournament "]
[Site "SchemingMind.com"]
[Date "2016.11.14"]
[Round "-"]
[White "Scooter"]
[Black "greghghs"]
[Result "0-1"]
[WhiteCountry "USA"]
[BlackCountry "ENG"]
[WhiteElo "1738"]
[WhiteRD "54"]
[BlackElo "2111"]
[BlackRD "67"]
[GameID "406366"]

1. d4 Nf6 2. Nf3 g6 3. Bf4 Bg7 4. e3 O-O 5. Be2 b6 6. O-O Bb7 7. Nbd2 d6 8. h3 Nbd7 9. c4 c5 10. Rb1 Ne8
11. d5 e5 12. Bg3 f5 13. Bh4 Ndf6 14. Ng5 Nc7 15. e4 h6 16. Ngf3 g5 17. Bg3 Bc8 18. exf5 Bxf5 19. Rc1 Nh5 20. Bh2 Nf4
21. Bxf4 gxf4 22. Nb1 e4 23. Nh2 f3 24. gxf3 Bxh3 25. Re1 Qg5+ 26. Ng4 Bxg4 27. fxg4 Qf4 28. Rf1 Be5
0-1

[Event "B.H Wood memorial tournament "]
[Site "SchemingMind.com"]
[Date "2016.11.13"]
[Round "-"]
[White "greghghs"]
[Black "Scooter"]
[Result "1-0"]
[WhiteCountry "ENG"]
[BlackCountry "USA"]
[WhiteElo "2068"]
[WhiteRD "82"]
[BlackElo "1693"]
[BlackRD "56"]
[GameID "406367"]

1. e4 c6 2. d4 d5 3. Nc3 dxe4 4. Nxe4 Bf5 5. Ng3 Bg6 6. Nh3 h6 7. Nf4 Bh7 8. Bc4 Nf6 9. O-O Nbd7 10. Re1 e6
11. Bxe6 Be7 12. Qe2 fxe6 13. Nxe6
1-0

[Event "B.H Wood memorial tournament "]
[Site "SchemingMind.com"]
[Date "2016.11.14"]
[Round "-"]
[White "John Hamer"]
[Black "greghghs"]
[Result "0-1"]
[WhiteCountry "ENG"]
[BlackCountry "ENG"]
[WhiteElo "1973"]
[WhiteRD "67"]
[BlackElo "2111"]
[BlackRD "67"]
[GameID "406368"]

1. c4 Nf6 2. Nf3 g6 3. d4 Bg7 4. Nc3 O-O 5. Bf4 d6 6. e3 Nbd7 7. Be2 c6 8. O-O Nh5 9. Bg5 h6 10. Bh4 g5
11. Bg3 Qe8 12. Ne4 f5 13. Ned2 Nxg3 14. fxg3 e5 15. Rc1 exd4 16. exd4 Bxd4+ 17. Nxd4 Qe3+ 18. Kh1 Qxd4 19. Qc2 Nf6 20. Nb3 Qe5
21. Bf3 Re8 22. Rf2 Qe1+ 23. Rf1 Qe7 24. Nd4 g4 25. Bd1 Qe5 26. Qd3 Ne4 27. Bc2 Bd7 28. Qe3 c5 29. Nb3 Re6 30. Rb1 Rae8
31. Bd3= b6 32. Qg1 Bc6 33. Rfe1 f4 34. Bxe4 Bxe4 35. Rbd1 Bxg2+ 36. Kxg2 f3+ 37. Kh1 Qxe1 38. Rxe1 Rxe1
0-1

[Event "B.H Wood memorial tournament "]
[Site "SchemingMind.com"]
[Date "2016.11.14"]
[Round "-"]
[White "greghghs"]
[Black "John Hamer"]
[Result "1/2-1/2"]
[WhiteCountry "ENG"]
[BlackCountry "ENG"]
[WhiteElo "2111"]
[WhiteRD "67"]
[BlackElo "1973"]
[BlackRD "67"]
[GameID "406369"]

1. e4 c6 2. d4 d5 3. Nc3 dxe4 4. Nxe4 Nd7 5. Nf3 Ngf6 6. Ng3 e6 7. Bd3 Be7 8. O-O O-O 9. Qe2 c5 10. Rd1 Qc7
11. c4 Re8 12. b3 b6 13. Bb2 Bb7 14. Ng5 Rad8 15. N5e4 cxd4 16. Bxd4 e5 17. Bc3 Nc5 18. Nxf6+ Bxf6 19. Bc2 g6 20. Rxd8 Rxd8
21. Re1 Nd7 22. Be4 Nc5 23. Bc2 Re8 24. Rd1 Qc6 25. f3 Qc7 26. Ne4 Bg7 27. Nd6 Rd8 28. Nxb7 Nxb7 29. Be4 Qc5+ 30. Kf1 Nd6
31. Bd5 Re8 32. Qf2 Qc7 33. Re1 Nb5 34. Bb2 Nd6 35. Re2 Qd8 36. Qe1 Qg5 37. a4 Kf8 38. Qb4 Qe7 39. f4 e4 40. Ba3 Rd8=
41. Rxe4 Qf6 42. Qe1 Kg8 43. Bxd6 Rxd6 44. Re8+ Bf8 45. Qe5 Kg7 46. Ke2=
1/2-1/2

[Event "B.H Wood memorial tournament "]
[Site "SchemingMind.com"]
[Date "2016.11.13"]
[Round "-"]
[White "Stephen Woodhouse"]
[Black "greghghs"]
[Result "1/2-1/2"]
[WhiteCountry "ENG"]
[BlackCountry "ENG"]
[WhiteElo "1883"]
[WhiteRD "55"]
[BlackElo "2068"]
[BlackRD "82"]
[GameID "406370"]

1. e4 c5 2. c3 d5 3. exd5 Qxd5 4. d4 Nf6 5. Nf3 Bg4 6. Be2 e6 7. h3 Bh5 8. O-O Nc6 9. Be3 cxd4 10. cxd4 Be7
11. Nc3 Qd6 12. Qb3 O-O 13. Rfd1 Rfd8 14. a3 Nd5 15. Nxd5 Qxd5 16. Qxd5 Rxd5 17. Rac1 Rad8 18. Kf1 Bf6 19. Ke1 h6 20. b4 g5
21. g4 Bg6 22. Rc5 a6 23. Rxd5 exd5=
1/2-1/2

[Event "B.H Wood memorial tournament "]
[Site "SchemingMind.com"]
[Date "2016.11.13"]
[Round "-"]
[White "greghghs"]
[Black "Stephen Woodhouse"]
[Result "1-0"]
[WhiteCountry "ENG"]
[BlackCountry "ENG"]
[WhiteElo "2068"]
[WhiteRD "82"]
[BlackElo "1883"]
[BlackRD "55"]
[GameID "406371"]

1. e4 e6 2. d4 d5 3. Nc3 Nf6 4. e5 Nfd7 5. Nce2 c5 6. c3 Nc6 7. f4 Be7 8. Nf3 O-O 9. g3 cxd4 10. cxd4 f6
11. Bh3 Nb6 12. O-O fxe5 13. fxe5 Bd7 14. b3 Rc8 15. Nf4 Rxf4 16. Bxf4 Qf8 17. Bg5 Bxg5 18. Nxg5 Qe7 19. Qg4 Re8 20. Rf7 Qb4
21. Rxg7+
1-0

[Event "B.H Wood memorial tournament "]
[Site "SchemingMind.com"]
[Date "2016.11.13"]
[Round "-"]
[White "greghghs"]
[Black "Johnny Owens"]
[Result "1-0"]
[WhiteCountry "ENG"]
[BlackCountry "USA"]
[WhiteElo "2176"]
[WhiteRD "60"]
[BlackElo "1630"]
[BlackRD "163"]
[GameID "406372"]

1. e4 e6 2. d4 d5 3. Nc3 dxe4 4. Nxe4 Nd7 5. Bd3 Ngf6 6. Qe2 Nxe4 7. Bxe4 c5 8. d5 e5 9. f4 Bd6 10. f5 Nf6
11. Nf3 Nxe4 12. Qxe4 Qd7 13. Nh4
1-0

[Event "B.H Wood memorial tournament "]
[Site "SchemingMind.com"]
[Date "2016.11.24"]
[Round "-"]
[White "Scooter"]
[Black "Holty"]
[Result "1-0"]
[WhiteCountry "USA"]
[BlackCountry "ENG"]
[WhiteElo "1738"]
[WhiteRD "54"]
[BlackElo "1804"]
[BlackRD "63"]
[GameID "406803"]

1. d4 f5 2. Nf3 Nf6 3. Bf4 e6 4. e3 Be7 5. h3 O-O 6. Be2 d6 7. O-O Ne4 8. Nbd2 Nd7 9. Nxe4 fxe4 10. Nd2 d5
11. c4 c6 12. cxd5 exd5 13. a3 Bg5 14. Bxg5 Qxg5 15. Bg4 Nf6 16. Bxc8 Raxc8 17. Qb3 b6 18. Rac1 Nd7 19. Nxe4 Qg6 20. Nd2 Nf6
21. Nf3 Ne4 22. Ne5 Qd6 23. Qc2 Rf6 24. Qa4 Qc7 25. f3 Ng5 26. b4 Nf7 27. Nxf7 b5 28. Qb3 Rxf7 29. Rc5 Qg3 30. f4 Re7
31. Rf3 Qe1+ 32. Kh2 Qe2 33. Qc3 Re6 34. Rxd5 Qc4 35. Qxc4 bxc4 36. Rc5 Rce8 37. Rxc4 Rxe3 38. Rxe3 Rxe3 39. Rxc6 Rd3 40. Ra6 Rxd4
41. g3 Rd2+ 42. Kg1 Rd7 43. Kf2 Kf8 44. Ke3 Ke8 45. a4 Kd8 46. b5 Kc8 47. a5 Kb7 48. Ke4 Re7+ 49. Kf5 Re3 50. Kg4 Rb3
51. Rd6 Kc7 52. b6+ axb6 53. Rxb6 Ra3 54. Ra6 Kb7 55. Re6 h5+ 56. Kh4
1-0

[Event "B.H Wood memorial tournament "]
[Site "SchemingMind.com"]
[Date "2016.11.24"]
[Round "-"]
[White "Holty"]
[Black "Scooter"]
[Result "1-0"]
[WhiteCountry "ENG"]
[BlackCountry "USA"]
[WhiteElo "1804"]
[WhiteRD "63"]
[BlackElo "1738"]
[BlackRD "54"]
[GameID "406804"]

1. d4 d5 2. Nf3 Nf6 3. e3 Bg4 4. c4 e6 5. Nc3 Bxf3 6. Qxf3 Bb4 7. a3 Bxc3+ 8. bxc3 c6 9. cxd5 cxd5 10. Bd3 O-O
11. O-O Nc6 12. Bd2 Rc8 13. Rfc1 Na5 14. Rcb1 b6 15. h3 Nc4 16. Bxc4 Rxc4 17. Qe2 Ne4 18. Qe1 Qc7 19. Rb3 Rc8 20. Rc1 a6
21. f3 Nd6 22. Qg3 Nb5 23. Qxc7 R8xc7 24. Kf2 R7c6 25. Ke2 Nd6 26. g4 a5 27. Kd3 b5 28. Rbb1 b4 29. a4 bxc3 30. Rxc3 Rxc3+
31. Bxc3 h6 32. Bxa5 Ra6 33. Rb8+ Kh7 34. Rb6 Rxa5 35. Rxd6 Rxa4 36. Rd7 Ra3+ 37. Ke2 Ra2+ 38. Kf1 Kg6 39. f4 f5 40. gxf5+ exf5
41. Rxd5 Rh2 42. Re5 Rxh3 43. Kg2 Rh4 44. d5 Rg4+ 45. Kf2 Rh4 46. d6 Rh1 47. Ke2 Rb1 48. d7 Rb2+ 49. Kd1
1-0

[Event "B.H Wood memorial tournament "]
[Site "SchemingMind.com"]
[Date "2016.11.24"]
[Round "-"]
[White "John Hamer"]
[Black "Holty"]
[Result "1-0"]
[WhiteCountry "ENG"]
[BlackCountry "ENG"]
[WhiteElo "1973"]
[WhiteRD "67"]
[BlackElo "1804"]
[BlackRD "63"]
[GameID "406805"]

1. d4 e6 2. Nf3 d5 3. c4 c6 4. Nc3 f5 5. Bf4 Nf6 6. e3 Be7 7. Bd3 O-O 8. O-O Ne4 9. Ne5 Nd7 10. cxd5 exd5
11. f3 Nef6 12. Rc1 Nh5 13. Nxd7 Bxd7 14. Be5 Nf6 15. Qb3 Bc8 16. Rfe1 Bd6 17. Ne2 Qe7 18. f4 c5 19. Bxd6 Qxd6 20. dxc5 Qe7
21. Ng3 g6 22. e4 Be6 23. exd5 Nxd5 24. Qxd5 Bxd5 25. Rxe7 Bc6 26. Bc4+ Kh8 27. Rd1 Rfe8 28. Re5 Rad8 29. Rd6 Kg7 30. Kf2 Rc8
31. b4 Be4 32. Rd7+ Kh8 33. Ne2 Rxe5 34. fxe5 Bc6 35. Rd6 Kg7 36. Nd4 Kh6 37. Nxf5+ Kg5 38. Nd4 a6 39. Rf6 Rd8 40. Ne6+
1-0

[Event "B.H Wood memorial tournament "]
[Site "SchemingMind.com"]
[Date "2016.11.24"]
[Round "-"]
[White "Holty"]
[Black "John Hamer"]
[Result "1/2-1/2"]
[WhiteCountry "ENG"]
[BlackCountry "ENG"]
[WhiteElo "1804"]
[WhiteRD "63"]
[BlackElo "1973"]
[BlackRD "67"]
[GameID "406806"]

1. d4 Nf6 2. Nf3 g6 3. c4 Bg7 4. Nc3 O-O 5. Bg5 d5 6. Bxf6 Bxf6 7. cxd5 c6 8. dxc6 Nxc6 9. e3 Qa5 10. Bb5 Be6
11. O-O Rac8 12. a3 Qb6 13. Bxc6 Rxc6 14. Na4 Qc7 15. Nc5 Bf5 16. Rc1 b6 17. Nd3 Rxc1 18. Nxc1 Be4 19. Nd2 Bc2 20. Qe2 Bf5
21. Ncb3 Qc2 22. Qa6 Qxb2 23. Qxa7 Rc8 24. Qxb6 Bd3 25. Re1 Qxa3 26. h3 Rc2 27. Nb1 Qa2 28. Nc1 Qc4 29. Nxd3 Qxd3 30. Qb4 Kg7
31. Na3 Ra2 32. Nb1 Bg5 33. Qc3 Qf5 34. Rf1 Rc2 35. Qe1 e6 36. Nd2 Be7 37. e4 Qb5 38. Nf3 Bd6 39. d5 e5 40. Qd1 Qc4
41. Qe1 Qb5 42. Qd1 Qc4 43. Qe1 Qb5 44. Qd1 Qc4=
1/2-1/2

[Event "B.H Wood memorial tournament "]
[Site "SchemingMind.com"]
[Date "2016.11.24"]
[Round "-"]
[White "Holty"]
[Black "Stephen Woodhouse"]
[Result "1/2-1/2"]
[WhiteCountry "ENG"]
[BlackCountry "ENG"]
[WhiteElo "1804"]
[WhiteRD "63"]
[BlackElo "1890"]
[BlackRD "50"]
[GameID "406807"]

1. d4 e6 2. Nf3 f5 3. g3 Nf6 4. Bg2 Be7 5. O-O O-O 6. c4 Ne4 7. Nbd2 Bf6 8. Qc2 Nxd2 9. Bxd2 Qe7 10. Rfe1 d6
11. a3 Nd7 12. e3 g6 13. b3 e5 14. Bc3 Rb8 15. a4 b6 16. b4 Bb7 17. Rad1 Rbe8 18. dxe5 Nxe5 19. Nxe5 Bxg2 20. Nxg6 hxg6
21. Kxg2 Qe4+ 22. Qxe4 Rxe4 23. Bxf6 Rxf6 24. Rd4 Rfe6 25. Kf1 Kf7 26. Red1 Kf6 27. h4 c5 28. Rxe4 fxe4 29. b5 g5 30. h5 g4
31. Rd5 Ke7 32. Rg5 Re5 33. Rg7+ Kf6 34. Rxa7 Rxh5 35. Kg2 d5 36. a5 dxc4 37. axb6 Rh8 38. b7 Rb8 39. Ra4 Rxb7 40. b6 Rxb6
41. Rxc4 Rc6 42. Rxe4 c4 43. Rd4 c3 44. Rd1 Ke5 45. Kf1 Ke4 46. Ke2 Rc4 47. Rc1 Rc8 48. Rc2 Rc7 49. Rc1 Rc8=
1/2-1/2

[Event "B.H Wood memorial tournament "]
[Site "SchemingMind.com"]
[Date "2016.11.24"]
[Round "-"]
[White "Stephen Woodhouse"]
[Black "Holty"]
[Result "1-0"]
[WhiteCountry "ENG"]
[BlackCountry "ENG"]
[WhiteElo "1890"]
[WhiteRD "50"]
[BlackElo "1804"]
[BlackRD "63"]
[GameID "406808"]

1. e4 e6 2. d4 d5 3. Nd2 dxe4 4. Nxe4 Bd7 5. Bd3 Bc6 6. Nf3 Nd7 7. O-O Ngf6 8. Bg5 Be7 9. Qe2 Nxe4 10. Bxe7 Qxe7
11. Bxe4 Bxe4 12. Qxe4 c6 13. Rad1 O-O 14. Ne5 Rad8 15. c3 Nf6 16. Qh4 Rfe8 17. Rde1 Nd7 18. Qxe7 Rxe7 19. f4 f6 20. Nxd7 Rdxd7
21. Re4 Rd8 22. Rfe1 Rde8 23. Kf2 Kf7 24. Ke3 g6 25. Kd3 b5 26. c4 a6 27. Kc3 a5 28. b3 b4+ 29. Kd3 Kf8 30. g4 h6
31. h4 Kf7 32. Rh1 Kg7 33. h5 g5 34. fxg5 fxg5 35. Rhe1 Kf7 36. Re5 Ra8 37. d5 cxd5 38. cxd5 Rd8 39. Kd4 Rxd5+ 40. Rxd5 exd5
41. Rxe7+ Kxe7 42. Kxd5 Kf6 43. Kd6 Kf7 44. Kc5 Ke6 45. Kb5 Ke5 46. Kxa5 Kf4 47. Kxb4 Kxg4 48. a4 Kh4 49. a5 g4 50. a6 g3
51. a7 g2 52. a8=Q g1=Q 53. Qd5 Qg4+ 54. Kc5 Qc8+ 55. Kd4 Qg4+ 56. Qe4 Kxh5 57. Qxg4+ Kxg4 58. b4 h5 59. b5 h4 60. Ke3 Kg3
61. b6 h3 62. b7 h2 63. b8=Q+ Kh3 64. Qb1 Kg2 65. Qc2+ Kh3 66. Qd1
1-0

[Event "B.H Wood memorial tournament "]
[Site "SchemingMind.com"]
[Date "2016.11.24"]
[Round "-"]
[White "Holty"]
[Black "greghghs"]
[Result "1/2-1/2"]
[WhiteCountry "ENG"]
[BlackCountry "ENG"]
[WhiteElo "1804"]
[WhiteRD "63"]
[BlackElo "2111"]
[BlackRD "67"]
[GameID "406809"]

1. d4 Nf6 2. Nf3 g6 3. c4 Bg7 4. Nc3 O-O 5. Bg5 c5 6. d5 d6 7. e3 Na6 8. Be2 Nc7 9. O-O a6 10. e4 b5
11. Qc2 b4 12. Na4 Nd7 13. Rad1 Ne8 14. b3 Nef6 15. h3 Qc7 16. Bd3 e6 17. Rfe1 Re8 18. Qd2 e5 19. Nh2 Nf8 20. Qe2 h6
21. Bxf6 Bxf6 22. Qf3 Bg7 23. Rc1 Nh7 24. Qe2 Nf6 25. g4 Bd7 26. Nb2 a5 27. Na4 Bxa4 28. bxa4 Rab8 29. Rb1 Nd7 30. Bc2 Nb6
31. Bb3 Qd7 32. Qc2 Rf8 33. Kh1 Bf6 34. Nf3 Bg5 35. Nxg5 hxg5 36. f3 Kg7 37. Kg2 Rh8 38. Rh1 Rh4 39. Rh2 Rbh8 40. Rf1 f5
41. Qd1 Qe7 42. Qe2 Nd7 43. Rfh1 Nf6 44. Bc2 f4=
1/2-1/2

[Event "B.H Wood memorial tournament "]
[Site "SchemingMind.com"]
[Date "2016.11.24"]
[Round "-"]
[White "greghghs"]
[Black "Holty"]
[Result "1/2-1/2"]
[WhiteCountry "ENG"]
[BlackCountry "ENG"]
[WhiteElo "2111"]
[WhiteRD "67"]
[BlackElo "1804"]
[BlackRD "63"]
[GameID "406810"]

1. e4 e6 2. d4 d5 3. Nc3 dxe4 4. Nxe4 Nd7 5. Bd3 Ngf6 6. Qe2 Nxe4 7. Bxe4 c5 8. d5 Nf6 9. dxe6 Nxe4 10. exf7+ Kxf7
11. Qxe4 Qe7 12. Qe3 Bf5 13. Nf3 Qxe3+ 14. Bxe3 Bxc2 15. Rc1 Bf5 16. Bxc5 Rc8 17. Be3 Rxc1+ 18. Bxc1 Bb4+ 19. Ke2 Rc8 20. a3 Be7
21. Nd4 Be4 22. f3 Bd5 23. Rd1 Bc4+ 24. Kf2 Rd8 25. Be3 Bh4+ 26. g3 Bf6 27. Rd2 g5 28. f4 gxf4 29. gxf4 a6 30. b3 Bd5
31. Ke2 Bxd4 32. Rxd4=
1/2-1/2

[Event "B.H Wood memorial tournament "]
[Site "SchemingMind.com"]
[Date "2016.11.24"]
[Round "-"]
[White "Holty"]
[Black "Johnny Owens"]
[Result "0-1"]
[WhiteCountry "ENG"]
[BlackCountry "USA"]
[WhiteElo "1791"]
[WhiteRD "64"]
[BlackElo "1831"]
[BlackRD "116"]
[GameID "406811"]

1. d4 e6 2. Nf3 Nf6 3. c4 Bb4+ 4. Nbd2 b6 5. a3 Bxd2+ 6. Qxd2 O-O 7. e3 Bb7 8. Be2 a5 9. b3 d6 10. O-O Nbd7
11. Bb2 Re8 12. Rad1 Qe7 13. Qc2 Be4 14. Qc1 Rac8 15. Nd2 Bg6 16. f3 c5 17. Rfe1 cxd4 18. Bxd4 e5 19. Bb2 b5 20. Qa1 b4
21. Rc1 Nc5 22. e4 Nh5 23. Rcd1 f5 24. exf5 Bxf5 25. g4 Nf4 26. Nf1 Nxb3 27. Qa2 Qa7+ 28. Kh1 Qf2 29. Ne3 Bc2 30. Rg1 Qxe3
31. Bc1 Qxe2 32. Rdf1 Nxc1 33. Qb2 Ncd3 34. Qa1 Rxc4 35. axb4 Bd1 36. h3 Rc2
0-1

[Event "B.H Wood memorial tournament "]
[Site "SchemingMind.com"]
[Date "2016.11.24"]
[Round "-"]
[White "Johnny Owens"]
[Black "Holty"]
[Result "1-0"]
[WhiteCountry "USA"]
[BlackCountry "ENG"]
[WhiteElo "1831"]
[WhiteRD "116"]
[BlackElo "1791"]
[BlackRD "64"]
[GameID "406812"]

1. c4 e5 2. g3 Nf6 3. Bg2 Bc5 4. Nc3 Nc6 5. e3 d5 6. Nxd5 Nxd5 7. cxd5 Nb4 8. d3 Nxd5 9. Nf3 Bg4 10. Qa4+ Qd7
11. Qxd7+ Bxd7 12. Nxe5 Bb4+ 13. Bd2 Bxd2+ 14. Kxd2 c6 15. Bxd5 cxd5 16. Rhc1 Rc8 17. Rxc8+ Bxc8 18. Rc1 Ke7 19. Rc7+ Kf6 20. Nxf7 Rf8
21. Nd6 Be6 22. f4 Kg6 23. Rxb7 Rd8 24. Nb5 a6 25. Nd4 Bf7 26. Nc6 Rd6 27. Ne5+ Kf5 28. g4+ Ke6 29. Rxf7 d4 30. Rxg7 Rb6
31. exd4 Rxb2+ 32. Ke3 Rxh2 33. Rf7 a5 34. f5+
1-0

[Event "B.H Wood memorial tournament "]
[Site "SchemingMind.com"]
[Date "2016.11.28"]
[Round "-"]
[White "Steven DuCharme"]
[Black "Scooter"]
[Result "0-1"]
[WhiteCountry "USA"]
[BlackCountry "USA"]
[WhiteElo "1493"]
[WhiteRD "68"]
[BlackElo "1738"]
[BlackRD "54"]
[GameID "407202"]

1. c4 Nf6 2. g3 g6 3. b3 Bg7 4. Bb2 O-O 5. Bg2 c6 6. d4 d5 7. Nf3 Re8 8. O-O Bg4 9. Nbd2 Bxf3 10. Bxf3 Nbd7
11. e4 dxe4 12. Nxe4 Nxe4 13. Bxe4 Nf6 14. Re1 Nxe4 15. Rxe4 e6 16. Rb1 Qb6 17. c5 Qb4 18. a3 Qa5 19. b4 Qc7 20. Qe2 Rad8
21. f4 b6 22. Qc4 Rd5 23. h4 Red8 24. cxb6 axb6 25. Kf2 c5 26. bxc5 bxc5 27. Bc3 Bxd4+ 28. Bxd4 Rxd4 29. Rxd4 Rxd4 30. Qa6 c4
31. Rb7 Qd8 32. Rb2 Rd2+ 33. Rxd2 Qxd2+ 34. Kg1 c3 35. Qb7 c2 36. Qb8+ Kg7 37. Qe5+ f6 38. Qxf6+ Kxf6 39. g4 c1=Q#
0-1

[Event "B.H Wood memorial tournament "]
[Site "SchemingMind.com"]
[Date "2016.11.28"]
[Round "-"]
[White "Scooter"]
[Black "Steven DuCharme"]
[Result "1-0"]
[WhiteCountry "USA"]
[BlackCountry "USA"]
[WhiteElo "1738"]
[WhiteRD "54"]
[BlackElo "1493"]
[BlackRD "68"]
[GameID "407203"]

1. d4 f5 2. Nf3 Nf6 3. Bf4 g6 4. e3 Bg7 5. Be2 O-O 6. O-O d5 7. Nbd2 a6 8. c4 c6 9. cxd5 cxd5 10. Rc1 Nc6
11. a3 Nh5 12. Be5 Nxe5 13. Nxe5 Nf6 14. b4 Ne4 15. Ndf3 Bxe5 16. Nxe5 Be6 17. Bf3 Rc8 18. Rxc8 Qxc8 19. Qc1 Qxc1 20. Rxc1 Rc8
21. Rxc8+ Bxc8 22. Bxe4 fxe4 23. a4 Kg7 24. Kf1 h5 25. a5 Be6 26. h4 Bc8 27. f3 exf3 28. gxf3 Kf6 29. Ke2 g5 30. hxg5+ Kxg5
31. Kf2 h4 32. Kg2 Be6 33. Kh2 Bc8 34. Nd3 Bd7 35. Nc5 Bc8 36. Nd3 e6 37. Nc5 Kh5 38. Nd3 Kg5 39. Ne5 Kh5 40. Kh3 Kg5
41. Nf7+
1-0

[Event "B.H Wood memorial tournament "]
[Site "SchemingMind.com"]
[Date "2016.11.29"]
[Round "-"]
[White "Steven DuCharme"]
[Black "John Hamer"]
[Result "1/2-1/2"]
[WhiteCountry "USA"]
[BlackCountry "ENG"]
[WhiteElo "1493"]
[WhiteRD "68"]
[BlackElo "1973"]
[BlackRD "67"]
[GameID "407204"]

1. g3 d5 2. b3 e5 3. Bg2 Nc6 4. Bb2 Be6 5. Nf3 Nf6 6. Nxe5 Nxe5 7. Bxe5 Bd6 8. Bxd6 Qxd6 9. O-O O-O 10. d3 Rad8
11. Nd2 Bf5 12. c4 c6 13. f3 Qc5+ 14. Kh1 Rfe8 15. Rc1 d4 16. Ne4 Qe7 17. h4 g6 18. Nxf6+ Qxf6 19. a4 Rd7 20. Kh2 c5=
1/2-1/2